| 000 | 01351nam a2200217Ia 4500 | ||
|---|---|---|---|
| 003 | Ost | ||
| 005 | 20260507075125.0 | ||
| 008 | 260507s9999||||xx |||||||||||||| ||und|| | ||
| 040 | _cfsecg | ||
| 041 | _aara | ||
| 082 | _a330 | ||
| 100 |
_aالفهداوي، فهمي خليفة _eمؤلف |
||
| 245 | 0 |
_aالإدارة في الإسلام : _bالمنهجية والتطبيق والقواعد / _c فهمي خليفة الفهداوي |
|
| 260 |
_aعمان: _bدار المسيرة, _c2004 |
||
| 300 |
_a298 صفحة؛ _bإيضاحات ؛ _c24 سم |
||
| 520 | _aالإدارة العربية قبل الإسلام-الإدارة في ضوء المنهج الإسلامي والقرآني-الإدارة في التطبيق النبوي والخلافة الراشدية-الإدارة في تطبيقات الأموية والعباسية-النظرية الشمولية للإدارة في الإسلام-دراسة الحالات الإدارية بين الإدارة الإسلامية والإدارة المعاصرة-دراسات تحليلية مقارنة كحالات إدارية إسلامية مختارة عبر مناقشتها-عشرون حالة إدارة مختارة للمناقشة والتحليل | ||
| 653 | _aالإدارة | ||
| 653 | _aالإسلام | ||
| 653 | _aالدين الإسلامي | ||
| 942 | _cكتاب | ||
| 999 |
_c43137 _d43137 |
||